000 00292nam a22001337a 4500
008 170420b xxu||||| |||| 00| 0 eng d
020 _a000010183823
041 _aeng
080 _a573
100 _a11
101 _aSHM
245 _aVASCULAR PLANT FAMILIES
_cSMITH, J.P
942 _2udc
_cBK
999 _c11369
_d11369